000 00310nam a2200109Ia 4500
008 171211s9999 xx 000 0 und d
245 _aHammer Films' Psychological Thrillers, 1950-1972
245 _cDavid Huckvale
260 _c2014
650 _xCINEMA
856 _uhttp://down.ebook777.com/065/0786474718.pdf
999 _c349380
_d349380